[Event "Provence-ch access Vitrolles 9798"]
[Site "France"]
[Date "1998.??.??"]
[Round "6"]
[White "Coolen, Olivier"]
[Black "Madelenat, M."]
[Result "0-1"]
[WhiteElo "1690"]
[BlackElo "1760"]
[PlyCount "58"]
[EventDate "1997.??.??"]
[EventType "tourn"]
[EventRounds "9"]
[EventCountry "FRA"]
[SourceTitle "EXT 2005"]
[Source "ChessBase"]
[SourceDate "2004.11.15"]
[SourceVersion "1"]
[SourceVersionDate "2004.11.15"]
[SourceQuality "1"]

1. c4 e5 2. Nc3 Nc6 3. g3 f5 4. Bg2 Nf6 5. d3 Bc5 6. Nf3 0-0 7. 0-0 Qe8 8. Bg5 Qh5 9. Bxf6 Rxf6 10. Nd5 Rh6 11. e3 g5 12. h4 gxh4 13. Nxh4 Qg5 14. Qf3 d6 15. a3 f4 16. exf4 exf4 17. Qxf4 Qg7 18. Rae1 Bd7 19. Nf5 Bxf5 20. Qxf5 Rf8 21. Qe4 Qxg3 22. Nf6+ Rhxf6 23. Qd5+ Kg7 24. Re2 Bxf2+ 25. Rfxf2 Rxf2 26. Rxf2 Qxf2+ 27. Kh2 Rf6 28. Qg5+ Rg6 29. Qd5 Rh6+ 0-1

[Event "Provence-ch access Vitrolles 9798"]
[Site "France"]
[Date "1998.??.??"]
[Round "4"]
[White "Pierrugues, Laurent"]
[Black "Madelenat, M."]
[Result "1-0"]
[WhiteElo "1700"]
[BlackElo "1760"]
[PlyCount "63"]
[EventDate "1997.??.??"]
[EventType "tourn"]
[EventRounds "9"]
[EventCountry "FRA"]
[SourceTitle "EXT 2005"]
[Source "ChessBase"]
[SourceDate "2004.11.15"]
[SourceVersion "1"]
[SourceVersionDate "2004.11.15"]
[SourceQuality "1"]

1. e4 e6 2. d4 d5 3. Nc3 Bb4 4. e5 Ne7 5. a3 Bxc3+ 6. bxc3 c5 7. Qg4 Nf5 8. Nf3 Nc6 9. Bd3 h5 10. Qh3 Qc7 11. Bd2 c4 12. Be2 Bd7 13. 0-0 0-0-0 14. Ng5 Rdf8 15. Rfb1 f6 16. exf6 gxf6 17. Nf3 Nd6 18. g3 e5 19. Qf1 Bf5 20. Rb2 Qd7 21. Rab1 Bh3 22. Qd1 Rfg8 23. Nh4 f5 24. dxe5 Nxe5 25. Bf4 Qe6 26. Nf3 Nxf3+ 27. Bxf3 Rg7 28. Bxd5 Qf6 29. Bxd6 b6 30. Bf4 Rd8 31. Rb5 Rgd7 32. Rc5+ 1-0

[Event "Provence-ch Majeur op 9697"]
[Site "France"]
[Date "1996.??.??"]
[Round "1"]
[White "Wilfert, Fabrice"]
[Black "Madelenat, M."]
[Result "1-0"]
[WhiteElo "1890"]
[BlackElo "1690"]
[PlyCount "53"]
[EventDate "1996.??.??"]
[EventType "swiss"]
[EventRounds "7"]
[EventCountry "FRA"]
[SourceTitle "EXT 2005"]
[Source "ChessBase"]
[SourceDate "2004.11.15"]
[SourceVersion "1"]
[SourceVersionDate "2004.11.15"]
[SourceQuality "1"]

1. e4 e6 2. d4 d5 3. Nc3 Bb4 4. Nge2 dxe4 5. a3 Be7 6. Nxe4 Nf6 7. Qd3 0-0 8. Bf4 Nd5 9. Bd2 b6 10. c4 Ba6 11. N2c3 Nd7 12. Qc2 N5f6 13. Bd3 Bb7 14. Ng5 g6 15. 0-0-0 a6 16. h4 c5 17. h5 cxd4 18. hxg6 Ne5 19. gxf7+ Rxf7 20. Nxf7 Nxd3+ 21. Qxd3 Kxf7 22. Rxh7+ Nxh7 23. Qxh7+ Ke8 24. Qh8+ Kd7 25. Qxd4+ Kc7 26. Bf4+ Kc8 27. Qe5 1-0

[Event "Provence-ch access Vitrolles 9596"]
[Site "France"]
[Date "1995.??.??"]
[Round "8"]
[White "Dumas, JL."]
[Black "Madelenat, M."]
[Result "1-0"]
[WhiteElo "1780"]
[BlackElo "1720"]
[PlyCount "99"]
[EventDate "1995.??.??"]
[EventType "tourn"]
[EventRounds "9"]
[EventCountry "FRA"]
[SourceTitle "EXT 2005"]
[Source "ChessBase"]
[SourceDate "2004.11.15"]
[SourceVersion "1"]
[SourceVersionDate "2004.11.15"]
[SourceQuality "1"]

1. e4 e6 2. d4 d5 3. e5 c5 4. c3 Nc6 5. Bb5 Bd7 6. a4 Nge7 7. Bg5 Qc7 8. Ne2 h6 9. Bf4 g5 10. Be3 Nf5 11. 0-0 0-0-0 12. Ng3 Nxg3 13. fxg3 Be8 14. Na3 c4 15. b4 cxb3 16. Bxc6 Bxc6 17. Qxb3 Bxa3 18. Rxa3 Kb8 19. Ra2 Rc8 20. Qb4 Qd7 21. Bd2 Rc7 22. Rb1 Rhc8 23. a5 a6 24. h4 Rg8 25. Kh2 Qd8 26. Qd6 Qxd6 27. exd6 Rd7 28. Rf1 f5 29. Bc1 Rxd6 30. Ba3 Rd7 31. Re1 Rg6 32. h5 Rf6 33. Rae2 Rdf7 34. Bd6+ Kc8 35. Be5 Bb5 36. Rf2 Kd7 37. Bxf6 Rxf6 38. g4 Bd3 39. gxf5 exf5 40. g4 f4 41. Re5 Be4 42. c4 Re6 43. Rxe6 Kxe6 44. c5 Kd7 45. Rb2 Bd3 46. Rxb7+ Kc6 47. Rb6+ Kd7 48. Rxh6 Be2 49. Rg6 Bxg4 50. Rxg5 1-0

[Event "Provence-ch prom Vitrolles 9495"]
[Site "France"]
[Date "1994.??.??"]
[Round "9"]
[White "Alard, Francis"]
[Black "Madelenat, M."]
[Result "1/2-1/2"]
[WhiteElo "1660"]
[BlackElo "1730"]
[PlyCount "29"]
[EventDate "1994.??.??"]
[EventType "tourn"]
[EventRounds "9"]
[EventCountry "FRA"]
[SourceTitle "EXT 2005"]
[Source "ChessBase"]
[SourceDate "2004.11.15"]
[SourceVersion "1"]
[SourceVersionDate "2004.11.15"]
[SourceQuality "1"]

1. e4 e6 2. d4 d5 3. Nd2 Nf6 4. e5 Nfd7 5. Bd3 c5 6. c3 Nc6 7. Ne2 cxd4 8. cxd4 f6 9. f4 Be7 10. 0-0 Nb4 11. Qb3 Nxd3 12. Qxd3 0-0 13. Rf3 fxe5 14. fxe5 Rxf3 15. Qxf3 1/2-1/2

[Event "Provence-ch prom Vitrolles 9495"]
[Site "France"]
[Date "1994.??.??"]
[Round "1"]
[White "Madelenat, M."]
[Black "Gouiran, Serge"]
[Result "0-1"]
[WhiteElo "1730"]
[BlackElo "1610"]
[PlyCount "86"]
[EventDate "1994.??.??"]
[EventType "tourn"]
[EventRounds "9"]
[EventCountry "FRA"]
[SourceTitle "EXT 2005"]
[Source "ChessBase"]
[SourceDate "2004.11.15"]
[SourceVersion "1"]
[SourceVersionDate "2004.11.15"]
[SourceQuality "1"]

1. c4 c5 2. Nc3 Nc6 3. Nf3 Nf6 4. e3 g6 5. b3 Bg7 6. Bb2 0-0 7. Rb1 e5 8. a3 a5 9. h4 d6 10. Bd3 Re8 11. Qc2 b6 12. Ng5 h6 13. Nge4 Nxe4 14. Bxe4 Bb7 15. h5 g5 16. Bd5 Qd7 17. Qg6 Nd8 18. Qe4 Bxd5 19. Qxd5 Nc6 20. Nb5 Rad8 21. Rh3 Ne7 22. Qd3 d5 23. Qc2 d4 24. d3 e4 25. dxe4 d3 26. Qd2 Bxb2 27. Rxb2 Qg4 28. f3 Qd7 29. g4 Nc6 30. Nc3 Ne5 31. Nd5 Qe6 32. Qg2 Kh7 33. Rf2 f6 34. Kd2 b5 35. f4 Nxc4+ 36. bxc4 bxc4 37. fxg5 Rf8 38. gxh6 Qe5 39. Kc1 Qa1+ 40. Kd2 Qb2+ 41. Kd1 Qb1+ 42. Kd2 Qc2+ 43. Ke1 Qc1# 0-1

[Event "Provence-ch prom Vitrolles 9495"]
[Site "France"]
[Date "1994.??.??"]
[Round "5"]
[White "Madelenat, M."]
[Black "Ortega, C1."]
[Result "1-0"]
[WhiteElo "1730"]
[BlackElo "1740"]
[PlyCount "85"]
[EventDate "1994.??.??"]
[EventType "tourn"]
[EventRounds "9"]
[EventCountry "FRA"]
[SourceTitle "EXT 2005"]
[Source "ChessBase"]
[SourceDate "2004.11.15"]
[SourceVersion "1"]
[SourceVersionDate "2004.11.15"]
[SourceQuality "1"]

1. c4 g6 2. Nc3 Bg7 3. g3 c5 4. Bg2 Nc6 5. e3 e6 6. Nge2 Nge7 7. 0-0 0-0 8. Nf4 d5 9. cxd5 exd5 10. Nfxd5 Nxd5 11. Nxd5 Be6 12. Nc3 Bc4 13. Re1 Ne5 14. Bxb7 Rb8 15. Be4 f6 16. Bc2 Bd3 17. Bxd3 Nxd3 18. Rf1 Nxb2 19. Qc2 Nd3 20. Rd1 Rf7 21. Rb1 Nb4 22. Qb3 Qd3 23. Na4 Qxb3 24. axb3 Nd3 25. Ba3 Rc7 26. Nc3 Rcb7 27. Na4 Bf8 28. Kf1 Rxb3 29. Rxb3 Rxb3 30. Ra1 Bg7 31. Ra2 Nb4 32. Bxb4 cxb4 33. Rc2 Ra3 34. Rc8+ Bf8 35. Nc5 Kf7 36. d4 Bxc5 37. Rxc5 Rc3 38. Rxc3 bxc3 39. Ke2 Ke6 40. Kd3 c2 41. Kxc2 f5 42. f3 Kd5 43. Kd3 1-0

[Event "Provence-ch prom Vitrolles 9394"]
[Site "France"]
[Date "1993.??.??"]
[Round "5"]
[White "Anton, Jose"]
[Black "Madelenat, M."]
[Result "0-1"]
[WhiteElo "1770"]
[BlackElo "1760"]
[PlyCount "66"]
[EventDate "1993.??.??"]
[EventType "tourn"]
[EventRounds "9"]
[EventCountry "FRA"]
[SourceTitle "EXT 2005"]
[Source "ChessBase"]
[SourceDate "2004.11.15"]
[SourceVersion "1"]
[SourceVersionDate "2004.11.15"]
[SourceQuality "1"]

1. f4 e6 2. Nf3 b6 3. d4 Bb7 4. Nbd2 Nf6 5. e3 Nc6 6. Bd3 d5 7. 0-0 Bd6 8. c3 Ne7 9. Ne5 c5 10. Bb5+ Kf8 11. Ndf3 h6 12. Bd2 a6 13. Bd3 Ne4 14. Nh4 Bc8 15. Be1 Nf5 16. Qh5 Qe8 17. g4 Nxh4 18. Qxh4 f6 19. Nf3 Kg8 20. Kh1 g5 21. Qh3 h5 22. Rg1 hxg4 23. Qxg4 f5 24. Qg2 g4 25. Ne5 Ra7 26. Nxg4 fxg4 27. Qxg4+ Kf8 28. Be2 Rah7 29. Rg2 e5 30. Qf3 Rh3 31. Bg3 exf4 32. exf4 Nxg3+ 33. Rxg3 Rxh2+ 0-1

[Event "Provence-ch Majeur op 9293"]
[Site "France"]
[Date "1992.??.??"]
[Round "9"]
[White "Madelenat, M."]
[Black "Orsini, Patrick"]
[Result "0-1"]
[WhiteElo "1860"]
[BlackElo "1820"]
[PlyCount "86"]
[EventDate "1992.??.??"]
[EventType "swiss"]
[EventRounds "9"]
[EventCountry "FRA"]
[SourceTitle "EXT 2005"]
[Source "ChessBase"]
[SourceDate "2004.11.15"]
[SourceVersion "1"]
[SourceVersionDate "2004.11.15"]
[SourceQuality "1"]

1. c4 Nf6 2. Nc3 e6 3. g3 c5 4. Bg2 Nc6 5. Nf3 Be7 6. b3 d5 7. e3 Nb4 8. d4 dxc4 9. bxc4 Qa5 10. 0-0 0-0 11. Bd2 Qd8 12. Ne2 Nc6 13. Bc3 Qc7 14. Qc2 cxd4 15. Nexd4 Nb4 16. Qb3 Na6 17. Nb5 Qb6 18. Bd4 Nc5 19. Qc2 h6 20. Rab1 a6 21. Nc3 Qc7 22. Rfd1 Rd8 23. Be5 Rxd1+ 24. Rxd1 Qa5 25. Bd4 Nfd7 26. Nd2 Rb8 27. Nde4 Qb4 28. Nxc5 Bxc5 29. Ne4 Be7 30. Qe2 e5 31. Bc3 Qb6 32. Bh3 Qg6 33. Bxd7 Qxe4 34. Ba4 Be6 35. Bb3 f6 36. f3 Qc6 37. Kg2 Rc8 38. Be1 Ba3 39. Qd3 Bxc4 40. Bxc4+ Qxc4 41. Qxa3 Qe2+ 42. Bf2 Qxd1 43. Qe7 Rc1 0-1

[Event "Provence-ch Majeur op 9293"]
[Site "France"]
[Date "1992.??.??"]
[Round "5"]
[White "Roger, Patrick"]
[Black "Madelenat, M."]
[Result "1-0"]
[WhiteElo "1780"]
[BlackElo "1860"]
[PlyCount "51"]
[EventDate "1992.??.??"]
[EventType "swiss"]
[EventRounds "9"]
[EventCountry "FRA"]
[SourceTitle "EXT 2005"]
[Source "ChessBase"]
[SourceDate "2004.11.15"]
[SourceVersion "1"]
[SourceVersionDate "2004.11.15"]
[SourceQuality "1"]

1. e4 e6 2. d4 d5 3. Nc3 Bb4 4. e5 c5 5. a3 Bxc3+ 6. bxc3 Qc7 7. a4 Nc6 8. Nf3 cxd4 9. cxd4 Nb4 10. Bd3 Qc3+ 11. Bd2 Nxd3+ 12. cxd3 Qxd3 13. Qc1 Ne7 14. Qc5 Nc6 15. Rc1 Bd7 16. h4 Rc8 17. Rh3 b6 18. Qd6 Qa6 19. Rg3 g6 20. Bg5 Qb7 21. Bf6 Rg8 22. Ng5 h6 23. Nh7 Rc7 24. Be7 Nxe7 25. Rxc7 Nf5 26. Qxd7# 1-0

[Event "Provence-chB"]
[Site "Provence"]
[Date "1991.??.??"]
[Round "4"]
[White "Dewet, M."]
[Black "Madelenat, M."]
[Result "0-1"]
[WhiteElo "1640"]
[BlackElo "1680"]
[PlyCount "80"]
[EventDate "1991.??.??"]
[EventType "swiss"]
[EventRounds "9"]
[EventCountry "FRA"]
[SourceTitle "EXT 2005"]
[Source "ChessBase"]
[SourceDate "2004.11.15"]
[SourceVersion "1"]
[SourceVersionDate "2004.11.15"]
[SourceQuality "1"]

1. e4 e6 2. d4 d5 3. e5 c5 4. c3 Nc6 5. Nf3 Nge7 6. Bd3 cxd4 7. cxd4 Nf5 8. Bc2 Be7 9. Nc3 Qb6 10. Bxf5 exf5 11. 0-0 Be6 12. a4 0-0 13. Rb1 Rac8 14. Nb5 Rfd8 15. Be3 a6 16. Nc3 Na5 17. Nd2 Nc4 18. Nxc4 Rxc4 19. Na2 Rdc8 20. b3 Rc2 21. Nc1 Qd8 22. Nd3 a5 23. Nc5 Bxc5 24. Qxc2 Bxd4 25. Qd3 Bxe5 26. f4 Rc3 27. Qd2 Bf6 28. Bd4 Bxd4+ 29. Qxd4 Qc7 30. b4 Rc4 31. Qe5 Qb6+ 32. Kh1 axb4 33. Rfc1 h6 34. Rxc4 dxc4 35. a5 Qd8 36. h3 b3 37. Qe1 Qc7 38. Qe3 Qxa5 39. Qf3 Bd5 40. Qe3 Be4 0-1

[Event "Provence-chB"]
[Site "Provence"]
[Date "1991.??.??"]
[Round "5"]
[White "Madelenat, M."]
[Black "Dumas, JL."]
[Result "1-0"]
[WhiteElo "1680"]
[BlackElo "1730"]
[PlyCount "85"]
[EventDate "1991.??.??"]
[EventType "swiss"]
[EventRounds "9"]
[EventCountry "FRA"]
[SourceTitle "EXT 2005"]
[Source "ChessBase"]
[SourceDate "2004.11.15"]
[SourceVersion "1"]
[SourceVersionDate "2004.11.15"]
[SourceQuality "1"]

1. c4 c6 2. Nf3 d5 3. b3 Nf6 4. g3 Nbd7 5. Bg2 e5 6. d3 d4 7. 0-0 Bd6 8. a3 c5 9. Bg5 Rb8 10. Nbd2 Qc7 11. Bxf6 Nxf6 12. Ng5 h6 13. Nge4 Nxe4 14. Nxe4 f5 15. Nxd6+ Qxd6 16. b4 Bd7 17. Qd2 Bc6 18. bxc5 Qxc5 19. Qb4 Qxb4 20. axb4 Bxg2 21. Kxg2 a6 22. Ra5 Kf7 23. Rxe5 Kf6 24. Rd5 Rbd8 25. Rxd8 Rxd8 26. Ra1 Re8 27. Kf1 g5 28. Ra5 Re5 29. c5 Re6 30. Ra1 g4 31. Ra2 h5 32. Kg2 Kg5 33. Rc2 Kf6 34. f4 gxf3+ 35. Kxf3 Ke5 36. h4 Rf6 37. e3 dxe3 38. Kxe3 f4+ 39. gxf4+ Rxf4 40. Rc4 Rxc4 41. dxc4 Kf5 42. Kd4 Kg4 43. b5 1-0

[Event "Provence-chB"]
[Site "Provence"]
[Date "1991.??.??"]
[Round "7"]
[White "Madelenat, M."]
[Black "Scharff, Georges"]
[Result "1-0"]
[WhiteElo "1680"]
[BlackElo "1650"]
[PlyCount "79"]
[EventDate "1991.??.??"]
[EventType "swiss"]
[EventRounds "9"]
[EventCountry "FRA"]
[SourceTitle "EXT 2005"]
[Source "ChessBase"]
[SourceDate "2004.11.15"]
[SourceVersion "1"]
[SourceVersionDate "2004.11.15"]
[SourceQuality "1"]

1. c4 Nf6 2. Nc3 d5 3. cxd5 Nxd5 4. g3 e6 5. Bg2 c6 6. e4 Nf6 7. e5 Nd5 8. d4 Bb4 9. Nge2 Qa5 10. Qc2 Nd7 11. 0-0 0-0 12. a3 Be7 13. Bd2 Qd8 14. b4 N7b6 15. Ne4 f5 16. Nc5 Bxc5 17. dxc5 Nd7 18. f4 Qe7 19. Nc3 Rd8 20. Nd1 Nf8 21. Nb2 Qd7 22. Nc4 b5 23. Nd6 Ba6 24. Qb3 Ng6 25. Kf2 Qe7 26. Rh1 Nh8 27. h4 h5 28. a4 bxa4 29. Rxa4 Bb5 30. Ra2 a6 31. Rha1 Nc7 32. Nxf5 Qd7 33. Nd6 Nf7 34. Qf3 g6 35. g4 Nxd6 36. exd6 Nd5 37. gxh5 gxh5 38. Qxh5 Qg7 39. Bxd5 exd5 40. Rg1 1-0